Catálogo de cursos internacionales 1980/81 /
Guardado en:
| Formato: | Libro |
|---|---|
| Idioma: | Spanish |
| Publicado: |
Buenos Aires :
Consejo Federal de Inversiones,
1980.
|
| Etiquetas: |
Agregar Etiqueta
Sin Etiquetas, Sea el primero en etiquetar este registro!
|
| LEADER | 00440nam a22001215a 4500 | ||
|---|---|---|---|
| 001 | EEA.libagro002964 | ||
| 005 | 20190715123633.0 | ||
| 008 | 130809s1980####ag############000#0#spa#d | ||
| 082 | 0 | 4 | |a 378.0071 |
| 245 | 1 | 0 | |a Catálogo de cursos internacionales 1980/81 / |c Fundación José María Aragón. |
| 260 | |a Buenos Aires : |b Consejo Federal de Inversiones, |c 1980. | ||
| 300 | |a 314 p. ; |c 27 cm. | ||
| 859 | |a AR-BbBCA |b BIB. AGRONOMIA |h R378.0071 |i F981 1980/81 |p 1981/0016 | ||
